000 01236cab a22002415a 4500
001 L141963
008 080116s2008 xxk f 000 0 eng d
035 _a(Sirsi) u141963
041 0 _aeng
100 1 _aD'Orton-Gibson, David
245 0 0 _aUnderstanding section 21
_bavoid pitfalls with these common notices
260 _c2008
490 _aLetting Update Journal
_v4(15) January 2008, 14-17(4)
520 _aExamines the legislation surrounding notices served under the Housing Act 1988 Section 21, or a Notice Seeking Possession. Underlines the distinction from a Notice To Quit, which is prohibited by the Housing Act 1988. Section 21 notices do not end the tenancy, but rather allow the landlord to begin court action seeking possession. Outlines the rules governing these notices. Shows the issues raise by the Tenancy Deposit Protection legislation. Case law. (Part one of two - see also L143299.)
590 _aKA
650 2 4 _aPROTECTION FROM EVICTION ACT 1977
650 2 4 _aHOUSING ACT 1988 S21
650 2 4 _aSECTION 21 NOTICES
650 2 4 _aFERNANDEZ V MCDONALD
651 4 _aEngland and Wales
_y1543-
690 _aPROPERTY-RESIDENTIAL PROPERTY-RESIDENTIAL LANDLORD AND TENANT-RESIDENTIAL LEASES
942 _n0
999 _c79675
_d79675